1312 1531 1279 1259 1045 1353 1173 1153 1059 1999 1293 1842 1865 1748 1356 1125 1305 1753 1735 1468 1883 1680 1083 1360 1140 1920 1306 1401 1393 1177 1183 1418 1959 1073 1184 1474 1362 1123 1987 1589 1843 1561 1269 1320 1110 1411 1800 1784 1000 1451 1398 1251 1078 1206 1858 1192 1304 1849 1715 1235 1666 1120 1476 1223 1761 1661 1599 1920 1286 1743 1922 1845 1688 1799 1863 1228 1681 1994 1252 1634 1891 1171 1206 1166 1217 1637 1844 1364 1175 1935 1197 1565 1512 1035 1775 1777 1964 1155 1039 BCNSPRNW ULIB Ver.6.0+V

เปลี่ยนเป็นภาษาไทย

Change to English
 แสดงรายละเอียดบรรณานุกรม
  กลับหน้าหลัก

Brief Record : Get Marc (ISO 2709) : E-mail record : QR code < ปิดหน้าต่าง
LEADER : 00000nam 2200000uu 4500
001    13399112427
003     ULIB
008    110815s2544||||th 000 0 tha d
020    9743472835
040    cl
050  4 HM15^bน599ร 2544
245 00 รวมบทความสังคมวิทยาและมานุษยวิทยา พ.ศ. 2544 /^cนิเทศ ตินณะกุล, บรรณาธิการ
260    กรุงเทพฯ :^bภาควิชาสังคมวิทยาและมานุษยวิทยา คณะรัฐศาสตร์จุฬาลงกรณ์มหาวิทยาลัย,^c2544
300    144 หน้า ;^c30 ซม.
650  4 สังคมวิทยา^xรวมเรื่อง
650  4 มานุษยวิทยา^xรวมเรื่อง
651  7 ไทย^xภาวะสังคม
700 0  นิเทศ ตินณะกุล,^eบรรณาธิการ
710 2  จุฬาลงกรณ์มหาวิทยาลัย. ^bคณะรัฐศาสตร์.^bภาควิชาสังคมวิทยาและมานุษยวิทยา
945    ^p0^l0^i015385
995    ทศพร
999 ^a ทศพร
รายการนี้ยังไม่มีแท็ก
คุณยังไม่ได้ล็อกอิน คุณสามารถมีกิจกรรมร่วมกับเว็บไซต์ได้ แต่ต้องล็อกอินก่อน ::
  ล็อกอิน

รายการสื่อสารสนเทศ

ลำดับที่ ประเภท เลขเรียก/บาร์โค้ด สถานที่ สถานะ
- ไม่พบข้อมูล -

BibComment


ยังไม่เคยถูกคอมเมนท์

คอมเมนท์ทรัพยากรรายการนี้
  คอมเมนท์: รวมบทความสังคมวิท..


 Copyright 2026. Bcnsprnw @Library